Statistics for Top 10 Diamond Producing Countries

Click here to take the quiz!

General Stats

  • This quiz has been taken 297 times
  • The average score is 7 of 10

Answer Stats

Position Country % Correct
5South Africa
95%
3Democratic Republic of Congo
83%
1Russia
78%
8Namibia
78%
2Botswana
76%
10Brazil
75%
4Australia
73%
7Angola
73%
6Canada
70%
9Ghana
39%

Score Distribution

Percentile by Number Answered

Percent of People with Each Score

Your Score History

You have not taken this quiz